000 01472nam a22003977a 4500
003 CHAP
005 20220817040804.0
008 971013s1995 r 00010 d
010 _a362
011 _a1334
035 _a510
040 _cCHAP
090 _aTesis
100 0 0 _aDomínguez Sepúlveda, Hugo.
_933889
245 _aControl químico de Sitophilus granarius L. (Coleoptera : Curculionidae) y efecto de la fumigación en semilla de cebada maltera almacenada, en relación a su contenido de humedad en Chapingo, México
260 _aChapingo, Méx. :
_bEl autor,
_c1995
300 _a55 h.
502 _aTesis (Ing. Agr. Esp. en Parasitología Agrícola)-- UACH. Departamento de Parasitología Agrícola
590 _aALEPH
_b10
_c20130110
_lUCH01
_h1205
590 _aBATCH-UPD
_b10
_c20130110
_lUCH01
_h0838
590 _aBATCH-UPD
_b10
_c20130410
_lUCH01
_h0516
590 _aBATCH-UPD
_b10
_c20130914
_lUCH01
_h0903
590 _aCONVERSION
_b10
_c20130109
_lUCH01
_h1302
650 1 4 _aCebada maltera.
650 1 4 _aCebada
_xGerminación.
_920682
650 1 4 _aCebada
_xSemilla.
_920708
650 1 4 _aFumigación.
_943949
650 1 4 _aInsecticidas.
_958855
650 1 4 _aSemillas
_xAlmacenamiento.
_9103875
650 1 4 _aSemillas
_xEfecto de la humedad.
_9103896
650 1 4 _aSitophilus granarius.
_9106788
901 _aBK
942 _cFOLL
949 _bBC
_cTES
_d-9962
_eTS1
_h28924
_i510
_si
949 _bBC
_cTES
_d33724000084745
_eTS2
_fc.2
_h28925
_i510
_si
999 _c362
_d362